000 00759nab a2200229 u 4500
001 08026
003 HDC
007 cr bn ---aaaaa
008 210129c2012 my dr|nes 0 a eng d
040 _aHDC
245 0 _aMore Funds for High Performers
260 _aKuala Lumpur :
_bThe New Straits Times Press (M) Bhd.,
_c2012
336 _atext
_2rdacontent
337 _acomputer
_2rdamedia
338 _aonline resource
_2rdacarrier
650 _aloan facility
_zMalaysia
_98535
650 _aSME bank
_zMalaysia
_98445
856 _zRequest full-text at [email protected]
942 _2lcc
942 _cNEWS
942 _kNWSC 002299
999 _c5349
_d5349